| 000 | 01418nam a2200265Ia 4500 | ||
|---|---|---|---|
| 999 |
_c37927 _d37927 |
||
| 001 | 3906 | ||
| 003 | GE_BSU | ||
| 005 | 20190815165559.0 | ||
| 008 | 181216s1987||||ge |||||||||||||| ||g || | ||
| 040 | _cGE_BSU | ||
| 041 | _ageo | ||
| 080 | _a159.923 ა–20 | ||
| 245 |
_aადამიანი, ინდივიდი, პიროვნება : _bსტატიების კრებული / _cსაქ. სსრ მეცნ. აკად., ფილოსოფიის ინ-ტი ; რედ.: ო. ტაბიძე, ა. ბრეგაძე |
||
| 264 |
_aთბ. : _bმეცნიერება, _c1987. |
||
| 300 |
_a123 გვ.; _b21 სმ. |
||
| 490 |
_aფილოსოფიური ანთროპოლოგიის საკითხები ; _vნაწ. VIII |
||
| 653 | _a ადამიანის ფილოსოფიური საკითხები | ||
| 653 | _aფილოსოფიური ანთროპოლოგია | ||
| 653 | _aინდივიდი | ||
| 653 | _aპიროვნების სოციოლოგია | ||
| 700 |
_aტაბიძე, ო. _eრედაქტორი _93631 |
||
| 700 |
_aბრეგაძე, ა. _eრდაქტორი _9622 |
||
| 710 |
_aსაქ. სსრ მეცნ. აკად., ფილოსოფიის ინ-ტი _93632 |
||
| 942 |
_cBK _2udc |
||